Crisis stability and long-range strike (Record no. 32621)
[ view plain ]
| 000 -LEADER | |
|---|---|
| fixed length control field | 01782nam a2200433Ia 4500 |
| 082 04 - DEWEY DECIMAL CLASSIFICATION NUMBER | |
| Classification number | 358.4/20973 |
| 100 1# - MAIN ENTRY--AUTHOR NAME | |
| Personal name | Morgan, Forrest E. |
| 245 10 - TITLE STATEMENT | |
| Title | Crisis stability and long-range strike |
| 260 ## - PUBLICATION, DISTRIBUTION, ETC. (IMPRINT) | |
| Place of publication | Santa Monica, CA : |
| Name of publisher | RAND Corporation, |
| Year of publication | 2013. |
| 300 ## - PHYSICAL DESCRIPTION | |
| Number of Pages | xxx, 148 p. |
| 500 ## - GENERAL NOTE | |
| General note | At head of title: RAND Project Air Force. |
| General note | "Prepared for the United States Air Force." |
| 650 #0 - SUBJECT ADDED ENTRY--TOPICAL TERM | |
| Topical Term | Deterrence (Strategy) |
| Topical Term | Intercontinental ballistic missiles |
| Topical Term | Jet fighter planes |
| Topical Term | Military planning |
| Topical Term | Nuclear crisis stability. |
| Topical Term | Strategic bombers |
| Topical Term | Strategic forces |
| Topical Term | Strategic weapons systems |
| 856 40 - ELECTRONIC LOCATION AND ACCESS | |
| Uniform Resource Identifier | http://site.ebrary.com/lib/rucke/Doc?id=10744761 |
No items available.
